Estudios de teoria e historia del proceso

Saved in:
Bibliografiske detaljer
Hovedforfatter: Alcalá-Zamora y Castillo, Niceto (Author)
Format: Bog
Sprog:spansk
Udgivet: Ciudad de México Jurídica Universitaria 2001
Serier:Clásicos de la Teoría General del Proceso, 3
Fag:
Tags: Tilføj Tag
Ingen Tags, Vær først til at tagge denne postø!

MARC

LEADER 00000nam a2200000 a 4500
001 UCI4180
003 CL-VaPUC
008 071228e20010000MX |||||||||||||||||spa|d
020 |a 9968380806 Serie Completa 
020 |a 9968380040 
082 0 4 |a 347  |b ALC  |2 21 
100 0 |a Alcalá-Zamora y Castillo, Niceto  |e author  |9 525917 
245 1 0 |a Estudios de teoria e historia del proceso 
300 |a 320 p 
942 |c BK 
945 |d 20071228 00:00:00  |a rbrito 
260 |a Ciudad de México  |b Jurídica Universitaria  |c 2001 
650 0 |a Derecho procesal penal  |9 255496 
650 0 |a Apreciación de la prueba  |9 254854 
650 0 |a Derecho procesal penal   |9 256392 
650 0 |a Procedimiento penal  |9 254974 
650 0 |a Procedimiento administrativo  |9 256132 
650 0 |a Autodefensa   |9 456042 
650 7 |a PROCESO  |2 CL-VaPUC  |9 335377 
650 0 |a Derecho comparado  |9 255664 
583 |a last modification  |c 20190710 06:31:23  |k Rodrigo Vera 
490 0 |a Clásicos de la Teoría General del Proceso, 3 
999 |c 328162  |d 328160 
952 |0 0  |1 0  |4 0  |6 347_000000000000000_ALC_2001  |7 0  |8 A  |9 411954  |a BIBDER  |b BIBDER  |d 2019-11-22  |i 4398831  |l 2  |o 347 ALC 2001  |p 4398831  |r 2024-07-26  |s 2024-07-09  |w 2019-11-22  |y BK  |k DER